000 00518nam a2200169 i 4500
001 49358
003 ES-MaACL
005 20230906161932.0
007 t|
008 030714s1974 ag ||||1| gao d
100 1 _aCortezón, Daniel (
_d1927-2009)
_940926
245 1 0 _aXelmirez, ou A groria de Compostela
_b: peza dramática en catro aitos /
_cDaniel Cortezón.
260 _aBuenos Aires :
_bNos,
_c1974.
300 _a125 p. ;
_c20 cm.
740 2 _aA groria de Compostela.
852 _aES-MaACL
_jE-6596
_bR.91071
999 _c49358
_d49358